000 00498nam a2200193 4500
005 20260324112945.0
008 260324b |||||||| |||| 00| 0 eng d
020 _a9789365693751
040 _cFLL
041 _2Eng
084 _aV2:2:Z R5
100 _aBhatia Gautam
245 _aThe Indian Consitution
_bA Conversation With Power
250 _a1st
260 _aGurugram, India
_bHarper Collins
_c2025
300 _axxvi,347p.
650 _aConstitution of India
942 _2CC
_cTEXL
999 _c1734238
_d1734238